| 000 | 01224cam a2200361 i 4500 | ||
|---|---|---|---|
| 001 | 20519507 | ||
| 005 | 20211206191655.0 | ||
| 008 | 180528s2018 pk b 001 0 eng | ||
| 010 | _a 2018306323 | ||
| 020 | _a9789693531374 | ||
| 020 | _a969353137X | ||
| 025 | _aP-E-2018306323; 33 | ||
| 037 | _bLibrary of Congress -- Islamabad Overseas Office | ||
| 040 |
_aDLC _beng _cDLC _erda |
||
| 042 | _alcode | ||
| 043 | _aa-pk--- | ||
| 050 | 0 | 0 |
_aDS389 _b.Z44 2018 |
| 082 |
_a954.52 _bZEH |
||
| 100 | 1 |
_aZehra, Nasim, _eauthor. _985818 |
|
| 245 | 1 | 0 |
_aFrom Kargil to the coup : _bevents that shook Pakistan / _cNasim Zehra. |
| 264 | 1 |
_aLahore : _bSang-e-Meel Publications, _c2018. |
|
| 300 |
_a532 pages ; _c24 cm |
||
| 336 |
_atext _btxt _2rdacontent |
||
| 337 |
_aunmediated _bn _2rdamedia |
||
| 338 |
_avolume _bnc _2rdacarrier |
||
| 504 | _aIncludes bibliographical references (470-481) and index. | ||
| 610 | 1 | 0 |
_aPakistan. _bArmy _xPolitical activity. _985819 |
| 651 | 0 |
_aPakistan _xPolitics and government _y1988- _985820 |
|
| 651 | 0 |
_aKargil (India) _xHistory, Military. _985821 |
|
| 906 |
_a7 _bcbc _corigode _d3 _encip _f20 _gy-gencatlg |
||
| 942 |
_2ddc _cBK |
||
| 999 |
_c587121 _d587121 |
||